Estadísticas para Departamentos de Nicaragua

Haz click aquí para intentar la prueba.

Estadísticas generales

  • Esta prueba ha sido intentada 50 veces
  • La puntuación promedio es 11 de 17

Respuestas en el mapa

Las respuestas están codificadas por una escala verde-roja en el mapa de la prueba según el % correcto abajo.
 

Estadísticas de respuestas

Provincia% Correcto
ProvinciaManagua
100%
ProvinciaGranada
81%
ProvinciaLeón
71%
ProvinciaChinandega
67%
ProvinciaEstelí
67%
ProvinciaRío San Juan
67%
ProvinciaBoaco
62%
ProvinciaCarazo
62%
ProvinciaChontales
62%
ProvinciaJinotega
62%
ProvinciaNueva Segovia
62%
ProvinciaRivas
62%
Región AutónomaCosta Caribe Norte
57%
Región AutónomaCosta Caribe Sur
57%
ProvinciaMadriz
57%
ProvinciaMatagalpa
57%
ProvinciaMasaya
52%

Distribución de puntuación

Porcentaje por número respondido

Porcentaje de gente con cada puntuación

Historial de tus puntuaciones

No has intentado esta prueba.